[Event "?"]
[Site "?"]
[Date "2018.08.22"]
[Round "6.2"]
[White "Garbuz, Vitaliy"]
[Black "Luft, Dennis"]
[Result "1-0"]
[WhiteElo "2182"]
[BlackElo "2322"]
[PlyCount "123"]
[EventDate "2018.??.??"]
[WhiteTeam "SF Brackel 1930"]
[BlackTeam "SF Brackel 1930"]

1. e4 e5 2. Nc3 Nf6 3. f4 d5 4. fxe5 Nxe4 5. Qf3 f5 6. d3 Nxc3 7. bxc3 d4 8.
Qf4 Nc6 9. Nf3 dxc3 10. Qc4 Qe7 11. Qxc3 Qe6 12. a3 Qd5 13. d4 Be6 14. Be3
O-O-O 15. Rb1 Qa2 16. Ra1 Qd5 17. Be2 f4 18. Bf2 Bg4 19. Rb1 Qa5 20. Qxa5 Nxa5
21. Ng5 Bxe2 22. Kxe2 Rd5 23. Ne6 Nc6 24. Rhd1 Ra5 25. h4 Rxa3 26. Nxf8 Rxf8
27. d5 f3+ 28. gxf3 Nxe5 29. Bc5 Rfxf3 30. Bxa3 Rxa3 31. Ra1 Rc3 32. Kd2 Rc4
33. h5 Rh4 34. Rh1 Rd4+ 35. Ke3 Rxd5 36. Rxa7 Ng4+ 37. Kf4 Nf6 38. h6 $11 g6
39. Raa1 Rf5+ 40. Ke3 Ng4+ 41. Kd2 Rd5+ 42. Ke2 Rc5 43. Kd2 Kd7 44. Rae1 Kd6
45. Re8 Nf6 46. Re2 b5 47. Rhe1 Rf5 48. Re6+ Kd5 49. Re7 c5 50. Kc1 b4 51. Rd1+
Kc4 52. Rf7 b3 53. Rd6 Rf1+ 54. Kb2 bxc2 55. Kxc2 Rf2+ 56. Rd2 Rf3 57. Rd8 Rf2+
58. Kc1 Kc3 59. Kb1 Rb2+ 60. Ka1 Rb6 61. Rdf8 Kc2 62. Rxf6 1-0

[Event "?"]
[Site "?"]
[Date "2018.08.22"]
[Round "6.3"]
[White "Begna, Bozidar"]
[Black "Korten, Lando"]
[Result "0-1"]
[WhiteElo "2042"]
[BlackElo "2091"]
[PlyCount "76"]
[EventDate "2018.??.??"]
[WhiteTeam "SC Hansa Dortmund"]
[BlackTeam "SF Brackel 1930"]

1. c4 Nf6 2. Nc3 g6 3. e4 d6 4. d4 Bg7 5. Be2 O-O 6. Nf3 e5 7. dxe5 dxe5 8.
Qxd8 Rxd8 9. Nd5 Nxd5 10. cxd5 c6 11. Bc4 cxd5 12. Bxd5 Nd7 13. Bg5 Re8 14. Nd2
Nb6 15. Bb3 Bd7 16. Be3 Na4 17. Rb1 Bf8 18. O-O Nc5 19. Bd5 Be6 20. Bxe6 Nxe6
21. Nb3 b6 22. Rfd1 Red8 23. Kf1 f5 24. f3 Kf7 25. g3 Bg7 26. exf5 gxf5 27. Ke2
Ke7 28. Rxd8 Rxd8 29. Rd1 Rxd1 30. Kxd1 Kd6 31. Kc2 Kd5 32. g4 fxg4 33. fxg4
Ke4 34. Bc1 Kf3 35. Nd2+ Kxg4 36. Ne4 Kf3 37. Nd6 e4 38. Kd1 Be5 0-1

[Event "?"]
[Site "?"]
[Date "2018.08.22"]
[Round "6.4"]
[White "Kartsev, Soel"]
[Black "Kartsev, Nikolay"]
[Result "1/2-1/2"]
[WhiteElo "2198"]
[BlackElo "2048"]
[PlyCount "27"]
[EventDate "2018.??.??"]
[WhiteTeam "SF Brackel 1930"]
[BlackTeam "SF Brackel 1930"]

1. e4 c5 2. Nf3 d6 3. c3 Nf6 4. h3 Nc6 5. Bd3 e5 6. Bc2 Be7 7. O-O O-O 8. d3 d5
9. Nbd2 b6 10. Re1 Qc7 11. exd5 Nxd5 12. Nc4 f6 13. a4 Ba6 14. Bb3 $11 1/2-1/2

[Event "?"]
[Site "?"]
[Date "2018.08.22"]
[Round "6.5"]
[White "Wichtrup, Jan-Louis"]
[Black "Sonntag, Hans-Joachim"]
[Result "1-0"]
[WhiteElo "2170"]
[BlackElo "1662"]
[PlyCount "83"]
[EventDate "2018.??.??"]
[WhiteTeam "Dortmunder SV 1875"]
[BlackTeam "FS 98 Dortmund"]

1. b3 e5 2. Bb2 Nc6 3. e3 d5 4. Bb5 e4 5. d3 Qg5 6. Kf1 Bg4 7. Ne2 Rd8 8. h4
Qh5 9. Qe1 Nf6 10. Bxf6 gxf6 11. Nf4 Qf5 12. Nc3 a6 13. dxe4 dxe4 14. Be2 Bxe2+
15. Qxe2 Qe5 16. Qc4 f5 17. Ke2 Nd4+ 18. exd4 Rxd4 19. Qxd4 Qxd4 20. Ncd5 Bd6
21. Rad1 Qe5 22. Nh5 Be7 23. Rhe1 c6 24. f4 Qb2 25. Nc7+ Kf8 26. Rd2 Bb4 27. c3
Qxc3 28. Red1 Be7 29. Rd7 h6 30. Nxa6 Qa5 31. Nb8 Qb5+ 32. Kf2 Bxh4+ 33. g3
Qb6+ 34. Kg2 Rg8 35. R7d5 Rxg3+ 36. Nxg3 Qe3 37. Rd8+ Bxd8 38. Rxd8+ Ke7 39.
Nxf5+ Kxd8 40. Nxe3 Kc7 41. Ng4 Kxb8 42. Nxh6 1-0

[Event "?"]
[Site "?"]
[Date "2018.08.22"]
[Round "6.6"]
[White "Schläger, Reiner"]
[Black "Khess, Igor"]
[Result "0-1"]
[WhiteElo "1679"]
[BlackElo "1988"]
[PlyCount "54"]
[EventDate "2018.??.??"]
[WhiteTeam "FS 98 Dortmund"]
[BlackTeam "FS 98 Dortmund"]

1. e4 e5 2. Nf3 Nc6 3. d4 exd4 4. Bc4 Be7 5. c3 Na5 6. Bd3 dxc3 7. Nxc3 d6 8.
Nd5 Nf6 9. Nxe7 Qxe7 10. O-O O-O 11. Re1 Nc6 12. Bg5 h6 13. Bh4 Ne5 14. Nxe5
dxe5 15. f4 Qd6 16. f5 Rd8 17. Re3 Qd4 18. Qe2 Ng4 19. Qxg4 Qxe3+ 20. Kh1 Rxd3
21. Bf6 g6 22. Qh4 Qf4 23. Qe1 gxf5 24. exf5 Bxf5 25. Bxe5 Qe4 26. Qa5 Bh3 27.
Rg1 Rd1 0-1

[Event "?"]
[Site "?"]
[Date "2018.08.22"]
[Round "6.7"]
[White "Bork, Sophie"]
[Black "Cogan, Leonid"]
[Result "1-0"]
[WhiteElo "1916"]
[BlackElo "1848"]
[PlyCount "37"]
[EventDate "2018.??.??"]
[WhiteTeam "SG Mengede 1922"]
[BlackTeam "Huckarde-Westerfilde"]

1. e4 c5 2. d4 cxd4 3. c3 d5 $11 4. exd5 Qxd5 5. cxd4 Nf6 6. Nf3 e6 7. Nc3 Qd6
8. Bc4 a6 9. O-O Be7 10. Re1 O-O 11. Bg5 b5 12. Bb3 Bb7 13. d5 b4 14. Bxf6 bxc3
15. Bxe7 Qxe7 16. dxe6 f5 17. bxc3 Rd8 18. Qxd8+ Qxd8 19. e7+ 1-0

[Event "?"]
[Site "?"]
[Date "2018.08.22"]
[Round "6.8"]
[White "Kantor, Nikita"]
[Black "Surmann, Christoph"]
[Result "1/2-1/2"]
[WhiteElo "1906"]
[BlackElo "1659"]
[PlyCount "82"]
[EventDate "2018.??.??"]
[WhiteTeam "SF Brackel 1930"]
[BlackTeam "Dortmunder SV 1875"]

1. f4 d5 2. Nf3 Nf6 3. d3 Bf5 4. g3 e6 5. Bg2 Bc5 6. c3 c6 7. d4 Be7 8. Nbd2 h5
9. Ng5 Nbd7 10. e4 dxe4 11. Ngxe4 Nxe4 12. Nxe4 Nf6 13. Nxf6+ Bxf6 14. Be3 Qb6
15. Qe2 Qc7 16. Bf3 Bg6 17. O-O O-O 18. Bxh5 Be4 19. Bf3 Bxf3 20. Rxf3 Be7 21.
g4 f5 22. g5 g6 23. Rh3 Kg7 24. d5 c5 25. dxe6 Rh8 26. Rxh8 Rxh8 27. Rd1 Rd8
28. b4 b6 29. Rxd8 Qxd8 30. bxc5 bxc5 31. Qd2 Qxd2 32. Bxd2 Bd6 33. c4 Kf8 34.
Kg2 Ke7 35. Kf3 Bc7 $11 36. Bc3 Kxe6 37. h4 Kf7 38. a3 a6 39. Kg3 Bb6 40. a4
Bd8 41. Kh3 Bc7 $11 1/2-1/2

[Event "?"]
[Site "?"]
[Date "2018.08.22"]
[Round "6.9"]
[White "Boxberg, Marc"]
[Black "Lauche, Christoph"]
[Result "0-1"]
[WhiteElo "1642"]
[BlackElo "1874"]
[PlyCount "78"]
[EventDate "2018.??.??"]
[WhiteTeam "Marten-Bövinghausen"]
[BlackTeam "FS 98 Dortmund"]

1. e4 d6 2. d4 Nf6 3. Nc3 Nbd7 4. Nf3 e5 5. Bc4 Be7 6. Ng5 O-O 7. Bxf7+ Rxf7 8.
Ne6 Qe8 9. Nxc7 Qd8 10. Nxa8 b5 11. O-O Bb7 12. Nxb5 Bxa8 13. f3 a6 14. dxe5
dxe5 15. Nc3 Bc5+ 16. Kh1 Nh5 17. Qe1 Nb6 18. Be3 Bxe3 19. Qxe3 Nc4 20. Qe2 Qc7
21. b3 Nb6 22. Qe3 Rf6 23. Rfd1 Nf4 24. g3 Ne6 25. Ne2 Nc5 26. Nc3 Ne6 27. Ne2
h6 28. c4 Ng5 29. Ng1 Qc6 30. Rd2 Kh7 31. Rad1 Nxe4 32. Rf1 Nxd2 33. Qxd2 Nd7
34. h3 e4 35. Qc2 Kg8 36. Kh2 exf3 37. Qf2 Ne5 38. g4 Nd3 39. Qe3 f2 0-1

[Event "?"]
[Site "?"]
[Date "2018.08.22"]
[Round "6.10"]
[White "Grube, Jörg"]
[Black "Bommert, Christian"]
[Result "1-0"]
[WhiteElo "1815"]
[BlackElo "1724"]
[PlyCount "54"]
[EventDate "2018.??.??"]
[WhiteTeam "FS 98 Dortmund"]
[BlackTeam "FS 98 Dortmund"]

1. e4 e6 2. d4 d5 3. e5 c5 4. dxc5 Bxc5 5. Nf3 Qb6 6. Qd2 Nc6 7. Bd3 f6 8. exf6
Nxf6 9. c3 O-O 10. b4 Nxb4 11. cxb4 Bxb4 12. Nc3 d4 13. Nxd4 e5 14. Nde2 Be6
15. Rb1 e4 16. Rxb4 Qxb4 17. Nxe4 Qb6 18. O-O Nxe4 19. Bxe4 Rad8 20. Qc2 h6 21.
Be3 Qa6 22. Nd4 Bc4 23. Bxb7 Qxa2 24. Qxa2 Bxa2 25. Ra1 Rf7 26. Ba6 Bd5 27. Ra5
Rf6 1-0

[Event "?"]
[Site "?"]
[Date "2018.08.22"]
[Round "6.11"]
[White "Ziemek, Gerhard"]
[Black "Sprungala, Erik"]
[Result "1-0"]
[WhiteElo "1537"]
[BlackElo "1776"]
[PlyCount "123"]
[EventDate "2018.??.??"]
[WhiteTeam "Marten-Bövinghausen"]
[BlackTeam "SV Rochade Eving"]

1. d4 Nf6 2. Nc3 d5 3. e4 dxe4 4. f3 exf3 5. Nxf3 g6 6. Bc4 Bg7 7. O-O O-O 8.
Bf4 c6 9. a4 a5 10. Qd2 Nbd7 11. Rad1 Nb6 12. Bb3 Bf5 13. Qf2 Nbd5 14. Bd2 Nb4
15. Bc1 Qc7 16. h3 Rad8 17. Nh4 Be6 18. Bxe6 fxe6 19. Qe2 Qd7 20. Nf3 Nh5 21.
Ne4 Nd5 22. c3 Nhf4 23. Qe1 b6 24. Kh2 Qc7 25. Kh1 Nh5 26. Nfg5 Rxf1+ 27. Qxf1
Rf8 28. Qe1 Qd7 29. Qh4 Ndf6 30. Nd2 h6 31. Ngf3 g5 32. Qe1 Nd5 33. Nc4 Rf5 34.
Rd3 Kh8 35. Nce5 Qc7 36. g4 Nhf4 37. Bxf4 Nxf4 38. Re3 Rf8 39. Nd2 Qd6 40. Ne4
Qd5 41. Nf3 e5 42. dxe5 Nd3 43. Qe2 Nxe5 44. Nxe5 Bxe5 45. Kg1 Bf4 46. Rd3 Qe5
47. Rd1 Kg7 48. Qd3 Rf7 49. Re1 Qc7 50. Kg2 e5 51. Rd1 Kf8 52. Nd6 Rf6 53. Ne4
Re6 54. Nf2 Qf7 55. Ne4 Kg7 56. Nd6 Qg6 57. Nf5+ Kf8 58. Qd8+ Qe8 59. Qxb6 Kf7
60. Qc7+ Re7 61. Nxe7 Qxe7 62. Rd7 1-0

[Event "?"]
[Site "?"]
[Date "2018.08.22"]
[Round "6.12"]
[White "Ropel, Dennis"]
[Black "Alghawi, Abdullah"]
[Result "1-0"]
[WhiteElo "1520"]
[BlackElo "1916"]
[PlyCount "107"]
[EventDate "2018.??.??"]
[WhiteTeam "SG Mengede 1922"]
[BlackTeam "FS 98 Dortmund"]

1. c4 Nf6 2. g3 g6 3. Bg2 Bg7 4. Nc3 O-O 5. e4 d6 6. Nge2 c5 7. O-O Nc6 8. d3
Bd7 9. Rb1 Qc8 10. a3 a5 11. Nf4 Ra6 12. Nfd5 Nxd5 13. Nxd5 e6 14. Nc3 Nd4 15.
Be3 a4 16. f4 Bc6 17. h3 Rd8 18. g4 $11 b5 19. cxb5 Nxb5 20. Nxb5 Bxb5 21. f5
d5 22. f6 Bf8 23. e5 c4 24. d4 c3 25. Rf2 Bc4 26. bxc3 Bxa3 27. Ra1 Bb3 28. Qd2
Bf8 29. Bh6 Rd7 30. Bf1 Ra8 31. Bb5 Rc7 32. Rf3 a3 33. h4 Rb8 34. Bd3 Bc4 35.
Bxc4 dxc4 36. Bxf8 Qxf8 37. Qc1 Rcb7 38. Qxa3 $11 Qh6 39. h5 gxh5 40. gxh5 Qxh5
41. Rg3+ Kh8 42. Qa2 Rb3 43. Qc2 h6 44. Rg7 Qf5 45. Qxf5 exf5 46. Rxf7 R3b7 $11
47. Rxb7 Rxb7 48. Ra8+ Kh7 49. e6 Kg6 50. e7 Kxf6 51. e8=Q Kg5 52. Qe3+ f4 53.
Rg8+ Kh5 54. Qh3# 1-0

[Event "?"]
[Site "?"]
[Date "2018.08.22"]
[Round "6.13"]
[White "Al Kassas, Humam"]
[Black "Ewers, Christian"]
[Result "0-1"]
[WhiteElo "1251"]
[BlackElo "1739"]
[PlyCount "52"]
[EventDate "2018.??.??"]
[WhiteTeam "FS 98 Dortmund"]
[BlackTeam "SG Mengede 1922"]

1. e4 e5 2. Nc3 d6 3. Nf3 c6 4. Bc4 Bg4 5. O-O Qf6 6. Be2 h6 7. d4 Nd7 8. d5 c5
9. Nb5 Qd8 10. Nh4 Bxe2 11. Qxe2 a6 12. Qh5 axb5 13. Ng6 Ngf6 14. Bg5 Nxh5 15.
Bxd8 fxg6 16. Bh4 Be7 17. Bxe7 Kxe7 18. g4 Nf4 19. c3 g5 20. f3 h5 21. Kf2 hxg4
22. Kg3 gxf3 23. Rxf3 Rh3+ 24. Kf2 Rxh2+ 25. Kg1 Rah8 26. Raf1 Rg2# 0-1

[Event "?"]
[Site "?"]
[Date "2018.08.22"]
[Round "6.14"]
[White "Stockhausen, Arnd"]
[Black "Bensch, Christian"]
[Result "1/2-1/2"]
[WhiteElo "1577"]
[BlackElo "1317"]
[PlyCount "64"]
[EventDate "2018.??.??"]
[WhiteTeam "SG Mengede 1922"]
[BlackTeam "SC Wambel 77"]

1. f4 d5 2. Nf3 Nf6 3. e3 g6 4. Be2 Bg7 5. d4 O-O 6. O-O b6 7. c3 Bb7 8. b3
Nbd7 9. Qe1 Rc8 10. Ba3 Re8 11. Nbd2 c5 12. Ne5 a6 13. Ndf3 Nxe5 14. Nxe5 Ne4
15. f5 f6 16. Ng4 gxf5 17. Rxf5 Qd7 18. Rh5 Ng5 19. Qh4 Qf5 20. Qf2 Qxf2+ 21.
Nxf2 Rc7 22. dxc5 bxc5 23. Rd1 e5 24. h4 Ne6 25. Ng4 d4 26. cxd4 cxd4 27. Bc4
dxe3 28. Nxe3 Rxc4 29. bxc4 Nf4 30. Rf5 Bc8 31. Rxf4 exf4 32. Nd5 Kf7 $11
1/2-1/2

[Event "?"]
[Site "?"]
[Date "2018.08.22"]
[Round "6.15"]
[White "Zabel, Reinhard"]
[Black "Jentzsch, Werner Wilfried"]
[Result "1/2-1/2"]
[WhiteElo "1408"]
[BlackElo "1367"]
[PlyCount "111"]
[EventDate "2018.??.??"]
[WhiteTeam "DB Brambauer"]
[BlackTeam "SF Brackel 1930"]

1. e4 c5 2. c3 Nc6 3. d4 d6 4. Nf3 Bg4 5. Be2 Nf6 6. e5 dxe5 7. dxc5 Qxd1+ 8.
Bxd1 O-O-O 9. Ba4 e4 10. Bxc6 bxc6 11. Nd4 e5 12. h3 exd4 13. hxg4 d3 14. g5
Nd7 15. b4 Ne5 16. Bf4 Nc4 17. a3 f5 18. gxf6 gxf6 19. Nd2 Nxd2 20. Kxd2 Bg7
21. Rae1 f5 22. Bd6 Bf6 23. Rh5 h6 24. f4 exf3 25. gxf3 f4 26. Kxd3 Bg5 27. Rh2
Rh7 28. Kc2 Rdd7 29. c4 Be7 30. Bxe7 Rhxe7 31. Rxe7 Rxe7 32. Rxh6 Re2+ 33. Kb3
Kb7 34. Rh7+ Kb8 35. Ka4 Re3 36. Rf7 Rxf3 37. b5 Rf1 38. Rf6 cxb5+ 39. cxb5 f3
40. c6 f2 41. Ka5 Ra1 42. Rxf2 Rxa3+ 43. Kb4 Ra1 44. Rc2 Rb1+ 45. Kc5 Kc7 46.
Ra2 Rc1+ 47. Kb4 Rb1+ 48. Ka5 Rb3 49. Rh2 Ra3+ 50. Kb4 Ra1 51. Rh7+ Kb8 52. Kc5
Rc1+ 53. Kd6 Rd1+ 54. Ke7 Rd5 55. Rh8+ Kc7 56. Ra8 $11 1/2-1/2

[Event "?"]
[Site "?"]
[Date "2018.08.22"]
[Round "6.16"]
[White "Vollenberg, Jörg"]
[Black "Haufe, Ulrich"]
[Result "0-1"]
[WhiteElo "1400"]
[BlackElo "1211"]
[PlyCount "130"]
[EventDate "2018.??.??"]
[WhiteTeam "Rochade Eving"]
[BlackTeam "Huckarde-Westerfilde"]

1. e4 e6 2. d4 d5 3. exd5 exd5 4. Be2 Nf6 5. Nf3 h6 6. Bf4 Bd6 7. Bxd6 Qxd6 8.
c3 O-O 9. h3 Nh5 10. O-O Nf4 11. Re1 Bxh3 12. gxh3 Qg6+ 13. Ng5 Qxg5+ 14. Bg4
Nxh3+ 15. Kg2 Nf4+ 16. Kh2 f5 17. Bf3 Nd7 18. Qd2 Rf6 19. Bxd5+ Nxd5 20. Qxg5
hxg5 21. Nd2 Kf7 22. Nf3 Rh8+ 23. Kg1 g4 24. Ng5+ Kg6 25. Ne6 Re8 26. Nf4+ Nxf4
27. Rxe8 Nd3 28. Re7 Rd6 29. b3 Kf6 30. Re8 Kf7 31. Re3 Nf4 32. Rae1 c6 33. Re8
Ne6 34. Ra8 a6 35. Ra7 Nd8 36. Ra8 Nf6 37. Rc8 Rd7 38. Re5 Kg6 39. Kg2 Ne4 40.
Re8 Nf7 41. Re6+ Kg5 42. c4 Nh6 43. c5 Nf6 44. Kg3 f4+ 45. Kg2 Nf5 46. Re5 Kg6
47. Re6 Nh4+ 48. Kf1 Nf5 49. Rb8 Kf7 50. Re1 Nxd4 51. Rd1 f3 52. Rd2 Ne4 53.
Rd3 Nxc5 54. Rd2 a5 55. Rh8 Kg6 56. Re8 Kf5 57. Rf8+ Kg5 58. Re8 Kf6 59. Rf8+
Kg5 60. Re8 b6 61. Rd1 Rd5 62. Re7 g6 63. Rd2 Kf6 64. Re8 Nce6 65. Rd1 Rh5 0-1

[Event "?"]
[Site "?"]
[Date "2018.08.22"]
[Round "6.17"]
[White "Sahakyan, Tigran"]
[Black "Haneberg, Alexander"]
[Result "0-1"]
[WhiteElo "1035"]
[BlackElo "1507"]
[PlyCount "70"]
[EventDate "2018.??.??"]
[WhiteTeam "SF Brackel 1930"]
[BlackTeam "Dortmunder SV 1875"]

1. e4 e6 2. d4 d5 3. e5 c5 4. Nf3 Nc6 5. c3 Be7 6. Bf4 Qb6 7. Qb3 c4 8. Qc2 Qa5
9. Nbd2 b5 10. b4 Qb6 11. Be2 a5 12. a3 axb4 13. cxb4 Nxb4 14. Qc3 Nc6 15. O-O
Bd7 16. Rfb1 g5 17. Be3 g4 18. Ne1 h5 19. f3 f5 20. f4 Kf7 21. Nc2 Nh6 22. Ra2
Qa5 23. Qxa5 Rxa5 24. Rba1 Rha8 25. Nb1 b4 26. Rb2 b3 27. Ne1 Bxa3 28. Nxa3
Rxa3 29. Rab1 Ra2 30. Rxa2 Rxa2 31. Bd1 Ke7 32. Kf1 Nf7 33. h3 Nb4 34. Bd2 Rxd2
35. Be2 Nd8 0-1

[Event "?"]
[Site "?"]
[Date "2018.08.22"]
[Round "6.19"]
[White "Sohraby, Darjusch"]
[Black "Frölich, Andreas"]
[Result "1-0"]
[WhiteElo "1534"]
[BlackElo "1043"]
[PlyCount "47"]
[EventDate "2018.??.??"]
[WhiteTeam "Huckarde-Westerfilde"]
[BlackTeam "Rochade Eving"]

1. d4 d5 2. c4 dxc4 3. e4 e6 4. Bxc4 Nc6 5. Nf3 h6 6. O-O b6 7. Nc3 a6 8. Bf4
f6 9. Re1 Na5 10. Bd3 Ne7 11. Rc1 Ra7 12. Qc2 Ng6 13. Be3 Bd7 14. e5 f5 15. d5
exd5 16. Nxd5 c5 17. Bxf5 Bxf5 18. Qxf5 Ne7 19. Nxe7 Rxe7 20. b4 cxb4 21. Rc8
Qxc8 22. Qxc8+ Kf7 23. Bxb6 Re8 24. e6+ 1-0

[Event "?"]
[Site "?"]
[Date "2018.08.22"]
[Round "6.21"]
[White "Stepke, Horst"]
[Black "Böckmann, Lieselotte"]
[Result "1-0"]
[WhiteElo "1555"]
[BlackElo "1014"]
[PlyCount "73"]
[EventDate "2018.??.??"]
[WhiteTeam "Huckarde-Westerfilde"]
[BlackTeam "FS 98 Dortmund"]

1. d4 d5 2. e4 c6 3. Nc3 e6 4. Nf3 Be7 5. e5 Nd7 6. Bf4 Nf8 7. Bd3 Bd7 8. Ne2
h6 9. Ng3 g5 10. Nh5 Qa5+ 11. Bd2 Qb6 12. O-O O-O-O 13. Rb1 Kb8 14. Qe1 Qc7 15.
h3 Bc8 16. Qe2 Nd7 17. c4 Bf8 18. b4 a6 19. a4 b5 20. axb5 cxb5 21. cxb5 Qb6
22. bxa6 Ka7 23. Rfc1 Nb8 24. Qe1 Ne7 25. b5 Nd7 26. Ba5 Qb8 27. Bxd8 Nb6 28.
Rc7+ Bb7 29. Rxb7+ Qxb7 30. axb7 Kxb7 31. Qa5 Nec8 32. Qa6+ Kb8 33. Bxb6 Be7
34. Rc1 Nxb6 35. Qxb6+ Ka8 36. Ra1+ Ba3 37. Rxa3# 1-0

[Event "?"]
[Site "?"]
[Date "2018.08.23"]
[Round "7.1"]
[White "Korten, Lando"]
[Black "Stemmler, Fabian"]
[Result "1/2-1/2"]
[WhiteElo "2101"]
[BlackElo "2029"]
[PlyCount "101"]
[EventDate "2018.??.??"]
[WhiteTeam "SF Brackel 1930"]
[BlackTeam "SF Brackel 1930"]

1. d4 d5 2. c4 e6 3. Nc3 Nf6 4. cxd5 exd5 5. Bg5 c6 6. e3 Be7 7. Bd3 Nbd7 8.
Nf3 h6 9. Bf4 Nh5 10. Be5 Nxe5 11. Nxe5 Nf6 12. f4 Nd7 13. O-O Nxe5 14. fxe5
O-O 15. Qf3 Be6 16. Ne2 Qd7 17. Qg3 Bg4 18. Nf4 Bg5 19. h3 Bf5 20. Bxf5 Qxf5
21. h4 Bxf4 22. Rxf4 Qd7 23. Raf1 Rae8 24. Rf6 Re6 25. Qg4 Qc8 26. R6f4 Qe8 27.
R1f3 Rg6 28. Qh5 Qe6 29. Rf5 a5 30. Kh2 b6 31. Rf2 c5 32. Qf3 a4 33. g3 Qc6 34.
Rxf7 Rxf7 35. Qxf7+ Kh7 36. h5 Re6 37. Qa7 Qb5 38. Qf7 Qe8 39. Qf5+ Kg8 40. Kg2
Re7 41. Qf3 Qd7 42. Qf8+ Kh7 43. Qb8 Qg4 44. Rf3 cxd4 45. exd4 Qxd4 46. Rf8
Qe4+ 47. Kg1 Qe1+ 48. Kh2 Qe2+ 49. Kg1 Qe1+ 50. Kg2 Qe2+ 51. Kg1 1/2-1/2

[Event "?"]
[Site "?"]
[Date "2018.08.23"]
[Round "7.2"]
[White "Zelt, Jens"]
[Black "Garbuz, Vitaliy"]
[Result "0-1"]
[WhiteElo "2076"]
[BlackElo "2123"]
[PlyCount "86"]
[EventDate "2018.??.??"]
[WhiteTeam "Hansa Dortmund"]
[BlackTeam "SF Brackel 1930"]

1. d4 d5 2. Nf3 Nf6 3. Bf4 c5 4. c3 e6 5. e3 Nc6 6. Nbd2 Bd6 7. Bg3 O-O 8. Ne5
Ne7 9. f4 b6 10. Bd3 Bb7 11. Qf3 Nf5 12. Bf2 Be7 13. O-O Nd6 14. Rad1 Nfe4 15.
Qe2 a5 16. Rfe1 f6 17. Nef3 a4 18. Rc1 a3 19. b3 g5 20. fxg5 fxg5 21. Rf1 Bf6
22. Ne5 Qe8 23. Ng4 Bg7 24. Be1 Rxf1+ 25. Qxf1 h5 26. Bxe4 hxg4 27. Bd3 e5 28.
dxe5 Qxe5 29. Qe2 Re8 30. Bf2 Bc8 31. Qd1 Rf8 32. c4 d4 33. e4 Rxf2 34. Kxf2
Qf4+ 35. Kg1 Qe3+ 36. Kh1 Qxd3 37. Qe1 Qe3 38. Qd1 Qd3 39. Qe1 Qe3 40. Qd1 Nxe4
41. Nxe4 Qxe4 42. Qf1 Qf4 43. Qg1 d3 0-1

[Event "?"]
[Site "?"]
[Date "2018.08.23"]
[Round "7.3"]
[White "Luft, Dennis"]
[Black "Wichtrup, Jan-Louis"]
[Result "1-0"]
[WhiteElo "2322"]
[BlackElo "2054"]
[PlyCount "139"]
[EventDate "2018.??.??"]
[WhiteTeam "SF Brackel 1930"]
[BlackTeam "Dortmunder SV 1875"]

1. e4 e5 2. Nf3 Nc6 3. Bc4 Bc5 4. d3 Nf6 5. Nc3 O-O 6. Bg5 h6 7. Bh4 Be7 8.
Bxf6 Bxf6 9. Nd5 Na5 10. Qd2 Nxc4 11. dxc4 d6 12. h3 Be7 13. g4 Kh7 14. O-O-O
g6 15. Rdg1 Be6 16. h4 c6 17. Ne3 b5 18. cxb5 cxb5 19. Nd5 Rc8 20. h5 g5 21.
Ne1 Qd7 22. f3 Bd8 23. Ng2 Bxd5 24. Qxd5 Qc6 25. Qxc6 Rxc6 26. Ne3 Bb6 27. Re1
Rfc8 28. Rh2 Bxe3+ 29. Rxe3 Kg7 30. Rd3 Kf6 31. Rhd2 Ke6 32. a3 Rb6 33. Kb1 Rc4
34. Ka2 a5 35. b3 Rc5 36. Kb2 b4 37. c3 bxc3+ 38. Rxc3 Rxc3 39. Kxc3 Kd7 40.
Rd5 Rc6+ 41. Kd3 Rc5 42. b4 axb4 43. axb4 Rc1 44. Ra5 Rf1 45. Ke3 Rb1 46. Ra8
Rb3+ 47. Kf2 Rxb4 48. Rh8 d5 49. exd5 Rf4 50. Ke3 Rf6 51. Ra8 Ke7 52. Ra7+ Kf8
53. Ke4 Rf4+ 54. Kxe5 Rxf3 55. Ra6 Re3+ 56. Kd4 Rg3 57. Rxh6 Rxg4+ 58. Ke5 Kg7
59. Rf6 Rg1 60. h6+ Kg8 61. d6 Rd1 62. Rf5 Kh7 63. Rxf7+ Kxh6 64. d7 g4 65.
Rf6+ Kg5 66. Rd6 Re1+ 67. Kd5 Rd1+ 68. Ke6 Re1+ 69. Kf7 Rf1+ 70. Kg7 1-0

[Event "?"]
[Site "?"]
[Date "2018.08.23"]
[Round "7.4"]
[White "Khess, Igor"]
[Black "Kartsev, Soel"]
[Result "0-1"]
[WhiteElo "1988"]
[BlackElo "2251"]
[PlyCount "182"]
[EventDate "2018.??.??"]
[WhiteTeam "FS 98 Dortmund"]
[BlackTeam "SF Brackel 1930"]

1. e4 c5 2. Nf3 d6 3. d4 cxd4 4. Nxd4 Nf6 5. Bb5+ Bd7 6. Bxd7+ Qxd7 7. Nc3 Nc6
8. O-O g6 9. f3 Bg7 10. Be3 O-O 11. Nce2 Ne5 12. b3 b5 13. c3 Rfc8 14. Rc1 d5
15. exd5 Nxd5 16. Bd2 Nd3 17. Rb1 e5 18. Nc2 a5 19. Be1 Nxe1 20. Qxe1 Qc6 21.
Kh1 Nxc3 22. Nxc3 Qxc3 23. Qxc3 Rxc3 24. Na3 b4 25. Nc4 Rc2 26. Rb2 Rxb2 27.
Nxb2 e4 28. Nc4 exf3 29. Rxf3 a4 30. g3 axb3 31. Rxb3 Bf8 32. Rb2 f5 33. Kg2
Kg7 34. Ne5 Rc8 35. Kf1 Bd6 36. Nd3 Rc4 37. Ke2 h5 38. Kf3 g5 39. Kg2 Kf6 40.
Re2 h4 41. Nf2 hxg3 42. hxg3 Rc3 43. g4 Rg3+ 44. Kh1 Ra3 45. gxf5 Kxf5 46. Rd2
Be5 47. Rd5 Ke6 48. Rb5 Bd6 49. Rxg5 Rxa2 50. Nd3 Rd2 51. Nxb4 Bxb4 52. Kg1 Bd6
53. Kf1 Be5 54. Rg2 Rd3 55. Ke2 Rb3 56. Rf2 Kd5 57. Rf3 Rb2+ 58. Kd3 Ra2 59.
Rf8 Ra3+ 60. Kd2 Rb3 61. Rg8 Ke4 62. Rg4+ Bf4+ 63. Kc2 Rf3 64. Rh4 Kd4 65. Rh8
Rc3+ 66. Kb2 Be5 67. Rh5 Rc5 68. Rh3 Kc4+ 69. Kc2 Ra5 70. Rh4+ Bd4 71. Rh3 Rg5
72. Rd3 Rg2+ 73. Rd2 Rg3 74. Rd1 Be3 75. Rd8 Rg2+ 76. Kb1 Bd2 77. Rc8+ Kb3 78.
Rb8+ Bb4 79. Rc8 Re2 80. Rc7 Rb2+ 81. Ka1 Rg2 82. Kb1 Rb2+ 83. Ka1 Re2 84. Kb1
Re4 85. Rc8 Bd6 86. Rc6 Re1+ 87. Rc1 Re4 88. Rc6 Re1+ 89. Rc1 Re5 90. Rc6 Bc5
91. Kc1 Rd5 0-1

[Event "?"]
[Site "?"]
[Date "2018.08.23"]
[Round "7.5"]
[White "Kartsev, Nikolay"]
[Black "Bork, Sophie"]
[Result "1-0"]
[WhiteElo "2033"]
[BlackElo "1882"]
[PlyCount "145"]
[EventDate "2018.??.??"]
[WhiteTeam "SF Brackel 1930"]
[BlackTeam "SG Mengede 1922"]

1. e4 e5 2. Nf3 Nc6 3. Bb5 f5 4. d3 fxe4 5. dxe4 Nf6 6. O-O d6 7. Nc3 Be7 8.
Bg5 O-O 9. Bxf6 Rxf6 10. Ng5 Nd4 11. Bc4+ Be6 12. Nxe6 Nxe6 13. Qg4 Qd7 14. f4
Kh8 15. fxe5 Rg6 16. Qf5 dxe5 17. Rad1 Qc6 18. Bxe6 Rxe6 19. Nd5 Bc5+ 20. Kh1
h6 21. b4 Bb6 22. b5 Qe8 23. Qf7 Qxf7 24. Rxf7 Rd8 25. Rdf1 Rc8 26. h4 c6 27.
Ne7 Re8 28. Nf5 Rg6 29. Rxb7 cxb5 30. Rd1 Rg4 31. Kh2 g6 32. Nd6 Rf8 33. Nf7+
Rxf7 34. Rxf7 Rxh4+ 35. Kg3 Rxe4 36. Rdd7 Kg8 37. Rg7+ Kf8 38. Rh7 Kg8 39.
Rdg7+ Kf8 40. Rb7 Kg8 41. Rxh6 Re3+ 42. Kh2 Rc3 43. Rxg6+ Kf8 44. Rf6+ Kg8 45.
Re6 Kf8 46. Rf6+ Kg8 47. Re6 Kf8 48. Ree7 Rxc2 49. Rf7+ Kg8 50. Rg7+ Kf8 51.
Rh7 Kg8 52. Rhd7 Rc8 53. Rg7+ Kh8 54. Rh7+ Kg8 55. Rhg7+ Kh8 56. Rh7+ Kg8 57.
Rbg7+ Kf8 58. Rh8+ Kxg7 59. Rxc8 Kf6 60. Kg3 Kf5 61. Kf3 e4+ 62. Ke2 b4 63.
Rf8+ Kg4 64. Rg8+ Kf5 65. Rf8+ Kg4 66. Rg8+ Kf5 67. g4+ Kf6 68. Re8 e3 69. Kf3
a5 70. Rb8 Bd4 71. Rb5 Kg6 72. Rxa5 Kf6 73. Rb5 1-0

[Event "?"]
[Site "?"]
[Date "2018.08.23"]
[Round "7.6"]
[White "Lauche, Christoph"]
[Black "Grube, Jörg"]
[Result "1/2-1/2"]
[WhiteElo "1854"]
[BlackElo "1819"]
[PlyCount "62"]
[EventDate "2018.??.??"]
[WhiteTeam "FS 98 Dortmund"]
[BlackTeam "FS 98 Dortmund"]

1. e4 e5 2. Bc4 d6 3. f4 exf4 4. Nf3 h6 5. O-O Nc6 6. d4 g5 7. c3 Nf6 8. Nbd2
Be7 9. Qc2 Nh5 10. b4 O-O 11. a4 Kh8 12. b5 Na5 13. Bd3 Ng7 14. Bb2 f5 15. e5
d5 16. c4 dxc4 17. Nxc4 Nxc4 18. Bxc4 Be6 19. Qb3 Bxc4 20. Qxc4 g4 21. Ne1 Nh5
22. Rd1 Bg5 23. d5 f3 24. gxf3 Be3+ 25. Kh1 Qh4 26. e6+ Kg8 27. Rg1 Bxg1 28.
Kxg1 Qg5 29. Qc3 gxf3+ 30. Kh1 Qg7 31. Qd2 Nf6 1/2-1/2

[Event "?"]
[Site "?"]
[Date "2018.08.23"]
[Round "7.7"]
[White "Ziemek, Gerhard"]
[Black "Kantor, Nikita"]
[Result "1/2-1/2"]
[WhiteElo "1537"]
[BlackElo "1835"]
[PlyCount "47"]
[EventDate "2018.??.??"]
[WhiteTeam "Marten-Bövinghausen"]
[BlackTeam "SF Brackel 1930"]

1. d4 c5 2. d5 Nf6 3. c4 b5 4. b3 bxc4 5. bxc4 d6 6. e3 g6 7. Bb2 Bg7 8. Nf3
O-O 9. Bd3 e6 10. dxe6 Bxe6 11. O-O Nc6 12. a3 Rb8 13. Qc2 d5 14. Nbd2 Na5 15.
cxd5 Bxd5 16. Rac1 Bxf3 17. Nxf3 Rxb2 18. Qxb2 Qxd3 19. Rfd1 Qa6 20. Qe5 Nb3
21. Rb1 c4 22. Rd6 Qxa3 23. Rxf6 Qa2 24. Re1 $11 1/2-1/2